000 00944cam a2200277 4500
001 ABS65609
008 020620n2002 000 0 eng u
035 _a(Sirsi) u118490
100 _aJackson, A.
245 _aCrime and punishment
260 _c2002
490 _aEstates Gazette
_v(0222) 1 June 2002, 131(1)
520 _aConsiders how criminal practice is becoming a growing issue in environmental law. Also outlines the appropriate response to receipt of a notice of intended prosecution for an environmental offence.
590 _aABS
650 _aENVIRONMENTAL LAW
650 _aCRIMINAL OFFENCES
650 _aFINES
650 _aCRIMINAL PRACTICE
650 _aPOLLUTION
650 _aENVIRONMENT AGENCY
650 _aENVIRONMENTAL PROTECTION ACT 1990 S157
650 _aWATER RESOURCES ACT 1991
690 _aENVIRONMENTAL AND LAND CONSULTANCY-ENVIRONMENTAL MANAGEMENT
700 _aO'Toole, E.
942 _n0
999 _c70542
_d70542